<?xml version="1.0" encoding="utf-8"?>
<?xml-stylesheet type='text/xsl' href='./oai2.xsl'?>
<OAI-PMH xmlns="http://www.openarchives.org/OAI/2.0/" xmlns:xsi="http://www.w3.org/2001/XMLSchema-instance" xsi:schemaLocation="http://www.openarchives.org/OAI/2.0/ http://www.openarchives.org/OAI/2.0/OAI-PMH.xsd">
  <responseDate>2026-06-06T23:13:23Z</responseDate>
  <request verb="GetRecord" metadataPrefix="marcxml" identifier="record_kuniweb_27135">https://kulturerbe.niedersachsen.de/oai</request>
  <GetRecord>
    <record>
      <header>
        <identifier>record_kuniweb_27135</identifier>
        <datestamp>2026-03-31T19:09:18Z</datestamp>
        <setSpec>slg0123</setSpec>
      </header>
      <metadata>
        <marc:record xmlns:marc="http://www.loc.gov/MARC21/slim" xsi:schemaLocation="http://www.loc.gov/MARC21/slim http://www.loc.gov/standards/marcxml/schema/MARC21slim.xsd">
          <marc:leader>12345nrm  22     uu 4500</marc:leader>
          <marc:controlfield tag="001">27135</marc:controlfield>
          <marc:controlfield tag="003">http://kuniweb.gbv.de</marc:controlfield>
          <marc:controlfield tag="005">2020-10-21T16:57:26</marc:controlfield>
          <marc:controlfield tag="008">|           ||||||||||||||||||||||</marc:controlfield>
          <marc:datafield tag="245" ind1="1" ind2="0">
            <marc:subfield code="a">Fahrrad / Dreirad "Bixton"</marc:subfield>
          </marc:datafield>
          <marc:datafield tag="655" ind1=" " ind2="7">
            <marc:subfield code="a">Alltagskultur</marc:subfield>
          </marc:datafield>
          <marc:datafield tag="046" ind1=" " ind2=" ">
            <marc:subfield code="k">1905</marc:subfield>
            <marc:subfield code="k">Baujahr</marc:subfield>
            <marc:subfield code="l">1915</marc:subfield>
          </marc:datafield>
          <marc:datafield tag="260" ind1=" " ind2=" ">
            <marc:subfield code="g">1905</marc:subfield>
            <marc:subfield code="g">1915</marc:subfield>
            <marc:subfield code="g">Baujahr</marc:subfield>
          </marc:datafield>
          <marc:datafield tag="300" ind1=" " ind2=" ">
            <marc:subfield code="a">Länge: 160 cm (über alles)
Höhe: 90 cm (über alles)</marc:subfield>
          </marc:datafield>
          <marc:datafield tag="520" ind1=" " ind2=" ">
            <marc:subfield code="a">Dreirad
Hersteller: Fa. Bixton, England
Schwarzer Metallrahmen,gelötet. Lenksäule mit zwei Kugellagern. Differential in der Hinterachse gekapselt. Antrieb: Blockkette über Hinterrad (Übersetzung: 2:1). Löffelbremse am Vorderrad.  Ledersattel "Runner 19"
Originalpedale ohne Gummiauflagen.
Gerader Lenker, Handgriffe aus Kunststoff (sekundär hinzugefügt).
Luftbereifung: Neuwertige Reifen, Marke:"Continental" (sekundär aufgezogen), schwarze Felgen.
Ohne Lichtanlage, Gepäckträger und Fahrradständer.
Steuerkopfschild:  Bixton-Emblem, goldfarben


 (Stadtmuseum Einbeck)

Gebrauchsort:
Einbeck (Northeim, Niedersachsen) (aus der Fahrradsammlung Gerhard Heidemann)</marc:subfield>
          </marc:datafield>
          <marc:datafield tag="650" ind1="1" ind2=" ">
            <marc:subfield code="a">Transport, Verkehr &gt; Landfahrzeug &gt; Fahrrad</marc:subfield>
          </marc:datafield>
          <marc:datafield tag="650" ind1="1" ind2=" ">
            <marc:subfield code="a">Fahrräder</marc:subfield>
          </marc:datafield>
          <marc:datafield tag="773" ind1="0" ind2=" ">
            <marc:subfield code="t">Sammlung Fahrradgeschichte</marc:subfield>
          </marc:datafield>
          <marc:datafield tag="852" ind1=" " ind2=" ">
            <marc:subfield code="a">Stadtmuseum Einbeck</marc:subfield>
          </marc:datafield>
          <marc:datafield tag="" ind1=" " ind2=" ">
            <marc:subfield code="a">Namensnennung - Weitergabe unter gleichen Bedingungen 4.0 International (CC BY-SA 4.0)</marc:subfield>
          </marc:datafield>
        </marc:record>
      </metadata>
    </record>
  </GetRecord>
</OAI-PMH>
